| 000 | 01245nam a22003254a 4500 | ||
|---|---|---|---|
| 001 | ebr10167481 | ||
| 003 | CaPaEBR | ||
| 006 | m u | ||
| 007 | cr cn||||||||| | ||
| 008 | 050415s2005 nyu sb 001 0 eng | ||
| 010 | _z 2005047696 | ||
| 020 | _z1403965307 | ||
| 040 |
_aCaPaEBR _cCaPaEBR |
||
| 035 | _a(OCoLC)191953356 | ||
| 050 | 1 | 4 |
_aML3918.R63 _bJ34 2005eb |
| 082 | 0 | 4 |
_a306.4/84264 _222 |
| 100 | 1 |
_aJagodzinski, Jan, _d1948- |
|
| 245 | 1 | 0 |
_aMusic in youth culture _h[electronic resource] : _ba Lacanian approach / _cJan Jagodzinski. |
| 260 |
_aNew York : _bPalgrave Macmillan, _c2005. |
||
| 300 | _ax, 321 p. | ||
| 504 | _aIncludes bibliographical references (p. [291]-302) and index. | ||
| 533 |
_aElectronic reproduction. _bPalo Alto, Calif. : _cebrary, _d2013. _nAvailable via World Wide Web. _nAccess may be limited to ebrary affiliated libraries. |
||
| 600 | 1 | 0 |
_aLacan, Jacques, _d1901-1981. |
| 650 | 0 |
_aRock music _xSocial aspects. |
|
| 650 | 0 | _aMusic and youth. | |
| 650 | 0 | _aPsychoanalysis and music. | |
| 655 | 7 |
_aElectronic books. _2local |
|
| 710 | 2 | _aebrary, Inc. | |
| 856 | 4 | 0 |
_uhttp://site.ebrary.com/lib/rucke/Doc?id=10167481 _zAn electronic book accessible through the World Wide Web; click to view |
| 999 |
_c247000 _d247000 |
||